Estadísticas para Argentina en emojis

Haz click aquí para intentar la prueba.

Estadísticas generales

  • Esta prueba ha sido intentada 79 veces
    (66 desde el último reinicio)
  • La puntuación promedio es 15 de 24

Estadísticas de respuestas

Respuesta% Correcto
Jujuy
91%
Mendoza
91%
Formosa
87%
Tierra del Fuego
83%
Neuquén
78%
Entre Ríos
76%
Chubut
74%
Corrientes
72%
Misiones
72%
Santa Fe
72%
Santa Cruz
70%
Catamarca
69%
Salta
65%
Río Negro
63%
Santiago del Estero
61%
La Pampa
59%
San Juan
59%
Córdoba
54%
La Rioja
54%
Chaco
52%
Tucumán
46%
Ciudad Autónoma de Buenos Aires
37%
San Luis
33%
Provincia de Buenos Aires
11%

Distribución de puntuación

Porcentaje por número respondido

Porcentaje de gente con cada puntuación

Historial de tus puntuaciones

No has intentado esta prueba desde el último reinicio